On economic inequality / (Record no. 65119)

MARC details
000 -LEADER
fixed length control field 00463nam a22001577a 4500
005 - DATE AND TIME OF LATEST TRANSACTION
control field 20180809125432.0
020 ## - INTERNATIONAL STANDARD BOOK NUMBER
International Standard Book Number 0195647343
Terms of availability 225.00
035 ## - SYSTEM CONTROL NUMBER
System control number A-948972, A-948970, A-948976
037 ## - SOURCE OF ACQUISITION
Stock number DPL
Source of stock number/acquisition ENG
100 ## - MAIN ENTRY--PERSONAL NAME
Personal name Sen, Amartya
245 ## - TITLE STATEMENT
Title On economic inequality /
Statement of responsibility, etc by Amartya Sen
260 ## - PUBLICATION, DISTRIBUTION, ETC. (IMPRINT)
Place of publication, distribution, etc New Delhi
Name of publisher, distributor, etc Oxford University Press
Date of publication, distribution, etc 1999
300 ## - PHYSICAL DESCRIPTION
Extent xii, 260p.
Dimensions 20 cms.
700 ## - ADDED ENTRY--PERSONAL NAME
Personal name Foster, James E.
9 (RLIN) 45222
942 ## - ADDED ENTRY ELEMENTS (KOHA)
Source of classification or shelving scheme Dewey Decimal Classification
Item type English Books
Classification part 305
Call number suffix SEN
Holdings
Withdrawn status Lost status Not for loan Collection code Home library Current library Date acquired Cost, normal purchase price Full call number Barcode Cost, replacement price Koha item type Source of acquisition
      Non-fiction Patel Nagar Patel Nagar 26/07/2018 225.00 305 SEN A-948970 225.00 English Books BPPD/PUB
      Non-fiction Sarojini Nagar Sarojini Nagar 17/04/2012 225.00 305 SEN A-948972 225.00 English Books  
      Non-fiction Shahdara Branch Shahdara Branch 09/08/2018 0.00 305 SEN A-948976 0.00 English Books BPPD/PUB

© Delhi Public Library
Hit Counter
free hit counter